[Event "Kochan Memorial op"]
[Site "Koszalin"]
[Date "2001.08.14"]
[Round "10"]
[White "Maka, Magdalena"]
[Black "Ferenc, Janusz"]
[Result "1/2-1/2"]
[WhiteElo "2088"]
[BlackElo "2155"]
[PlyCount "22"]
[EventDate "2001.08.03"]
[EventType "swiss"]
[EventRounds "10"]
[EventCountry "POL"]
[SourceTitle "EXT 2002"]
[Source "ChessBase"]
[SourceDate "2001.11.25"]
[SourceVersion "1"]
[SourceVersionDate "2001.11.25"]
[SourceQuality "1"]

1. e4 c5 2. Nc3 e6 3. Nge2 Nc6 4. g3 d6 5. Bg2 a6 6. a4 Nf6 7. d3 g6 8. 0-0 Bg7 9. h3 0-0 10. Be3 Rb8 11. f4 Qc7 1/2-1/2

[Event "Kochan Memorial op"]
[Site "Koszalin"]
[Date "2001.08.13"]
[Round "9"]
[White "Ferenc, Janusz"]
[Black "Moryc, Ignacy"]
[Result "1/2-1/2"]
[WhiteElo "2155"]
[BlackElo "2112"]
[PlyCount "23"]
[EventDate "2001.08.03"]
[EventType "swiss"]
[EventRounds "10"]
[EventCountry "POL"]
[SourceTitle "EXT 2002"]
[Source "ChessBase"]
[SourceDate "2001.11.25"]
[SourceVersion "1"]
[SourceVersionDate "2001.11.25"]
[SourceQuality "1"]

1. b3 d5 2. Bb2 Bg4 3. Nf3 Nf6 4. e3 Nbd7 5. Be2 e6 6. 0-0 Bd6 7. c4 c6 8. d3 0-0 9. Nbd2 Qc7 10. h3 Bh5 11. a3 Rfe8 12. Bxf6 1/2-1/2

[Event "Kochan Memorial op"]
[Site "Koszalin"]
[Date "2001.08.04"]
[Round "1"]
[White "Ferenc, Janusz"]
[Black "Shurygin, Sergey"]
[Result "1/2-1/2"]
[WhiteElo "2155"]
[BlackElo "2394"]
[PlyCount "71"]
[EventDate "2001.08.03"]
[EventType "swiss"]
[EventRounds "10"]
[EventCountry "POL"]
[SourceTitle "EXT 2002"]
[Source "ChessBase"]
[SourceDate "2001.11.25"]
[SourceVersion "1"]
[SourceVersionDate "2001.11.25"]
[SourceQuality "1"]

1. b3 d5 2. Bb2 Nf6 3. e3 Bf5 4. f4 e6 5. Nf3 Nbd7 6. Be2 h6 7. 0-0 Be7 8. Qe1 Bxc2 9. Na3 Bg6 10. Nh4 Bh7 11. Qg3 Rg8 12. Nf3 c6 13. d3 Qb6 14. Nc2 Bg6 15. Kh1 Bh5 16. Ng1 0-0-0 17. f5 Qc7 18. fxe6 fxe6 19. Qh3 Bxe2 20. Nxe2 e5 21. b4 Kb8 22. Ng3 g6 23. Qe6 Qd6 24. Rxf6 Qxe6 25. Rxe6 Bh4 26. Bxe5+ Nxe5 27. Rxe5 Bf6 28. Re6 Bxa1 29. Nxa1 Rde8 30. Rxe8+ Rxe8 31. Nc2 a5 32. bxa5 Kc7 33. Kg1 Ra8 34. a3 Rxa5 35. Ne2 Rb5 36. Nb4 1/2-1/2

[Event "MK Cafe Cup-A"]
[Site "Koszalin"]
[Date "1997.08.08"]
[Round "7"]
[White "Ferenc, Janusz"]
[Black "Jonczyk, Jerzy"]
[Result "1/2-1/2"]
[WhiteElo "2290"]
[BlackElo "2230"]
[PlyCount "62"]
[EventDate "1997.08.03"]
[EventType "swiss"]
[EventRounds "10"]
[EventCountry "POL"]
[SourceTitle "CBM 059 Extra"]
[Source "ChessBase"]
[SourceDate "1997.09.26"]
[SourceVersion "1"]
[SourceVersionDate "1997.09.26"]
[SourceQuality "1"]

1. b3 d5 2. Bb2 c6 3. f4 Bg4 4. g3 Nd7 5. Bg2 Qc7 6. Nf3 Bxf3 7. Bxf3 e6 8. 0-0 Bc5+ 9. d4 Bd6 10. c4 f5 11. Nc3 Ngf6 12. Rc1 Qd8 13. e3 Qe7 14. g4 fxg4 15. Bxg4 Nxg4 16. Qxg4 0-0 17. Rc2 Bb4 18. Nb1 Nf6 19. Qh3 Ne4 20. a3 Ba5 21. Bc3 Bxc3 22. Nxc3 Nxc3 23. Rxc3 Rf6 24. c5 Raf8 25. Rc2 Rh6 26. Qf3 Rf5 27. Rg2 Rfh5 28. Rff2 Qf7 29. Rg3 Rh4 30. Rfg2 g6 31. Qe2 Qf5 1/2-1/2

[Event "MK Cafe Cup-A"]
[Site "Koszalin"]
[Date "1997.08.07"]
[Round "6"]
[White "Erenska Barlo, Hanna"]
[Black "Ferenc, Janusz"]
[Result "1-0"]
[WhiteElo "2235"]
[BlackElo "2290"]
[PlyCount "89"]
[EventDate "1997.08.03"]
[EventType "swiss"]
[EventRounds "10"]
[EventCountry "POL"]
[SourceTitle "CBM 059 Extra"]
[Source "ChessBase"]
[SourceDate "1997.09.26"]
[SourceVersion "1"]
[SourceVersionDate "1997.09.26"]
[SourceQuality "1"]

1. e4 c5 2. f4 Nc6 3. Bb5 g6 4. Bxc6 bxc6 5. Nf3 Bg7 6. 0-0 d5 7. d3 Nh6 8. h3 0-0 9. Nc3 Rb8 10. Qe1 Ba6 11. Ne5 Qd6 12. b3 f6 13. Nf3 c4 14. dxc4 dxc4 15. Rf2 e5 16. fxe5 fxe5 17. Be3 Qc7 18. Na4 Nf7 19. Bc5 Rfd8 20. Rd1 Bb5 21. Nc3 a5 22. Nh2 Ng5 23. Rxd8+ Rxd8 24. Qe3 Ne6 25. Bb6 Bh6 26. Bxc7 Bxe3 27. Bxd8 Nxd8 28. Ng4 Bxf2+ 29. Kxf2 cxb3 30. cxb3 Nf7 31. Nf6+ Kg7 32. Nd7 Ba6 33. Nc5 Bc8 34. N3a4 Kf6 35. Nb6 Be6 36. Nb7 Ke7 37. Ke3 g5 38. Nxa5 Kd6 39. Nbc4+ Kc5 40. a3 Kb5 41. Kd3 h5 42. Kc3 Bd7 43. Nb7 c5 44. Nbd6+ Nxd6 45. Nxd6+ 1-0

[Event "Politiken Cup 19th"]
[Site "Copenhagen"]
[Date "1997.07.15"]
[Round "10"]
[White "Ferenc, Janusz"]
[Black "Larsen, Peter"]
[Result "0-1"]
[WhiteElo "2290"]
[BlackElo "2215"]
[PlyCount "58"]
[EventDate "1997.07.??"]
[EventType "swiss"]
[EventRounds "11"]
[EventCountry "DEN"]
[SourceTitle "EXT 2000"]
[Source "ChessBase"]
[SourceDate "1999.11.16"]
[SourceVersion "1"]
[SourceVersionDate "1999.11.16"]
[SourceQuality "1"]

1. e4 c5 2. Nf3 Nc6 3. d4 cxd4 4. Nxd4 e5 5. Nb5 d6 6. N1c3 a6 7. Na3 b5 8. Nd5 Be7 9. c3 Nf6 10. Nxf6+ Bxf6 11. Nc2 0-0 12. Ne3 g6 13. Nd5 Bg7 14. h4 Ne7 15. Be2 Nxd5 16. exd5 Rb8 17. Bg5 f6 18. Be3 f5 19. Bg5 Qe8 20. Qd2 f4 21. h5 h6 22. Bh4 g5 23. Bxg5 hxg5 24. h6 Bf6 25. h7+ Kh8 26. Bh5 Qe7 27. 0-0-0 Bf5 28. g3 fxg3 29. fxg3 g4 0-1

[Event "Politiken Cup 19th"]
[Site "Copenhagen"]
[Date "1997.07.14"]
[Round "9"]
[White "Bromann, Thorbjorn"]
[Black "Ferenc, Janusz"]
[Result "1/2-1/2"]
[WhiteElo "2235"]
[BlackElo "2290"]
[PlyCount "76"]
[EventDate "1997.07.??"]
[EventType "swiss"]
[EventRounds "11"]
[EventCountry "DEN"]
[SourceTitle "EXT 2000"]
[Source "ChessBase"]
[SourceDate "1999.11.16"]
[SourceVersion "1"]
[SourceVersionDate "1999.11.16"]
[SourceQuality "1"]

1. e4 c5 2. Nf3 e6 3. d4 cxd4 4. Nxd4 Nc6 5. Nc3 a6 6. Nxc6 bxc6 7. Bd3 d5 8. 0-0 Nf6 9. Kh1 Be7 10. f4 dxe4 11. Nxe4 g6 12. b3 Qd4 13. c3 Qb6 14. Bb2 0-0 15. c4 Nxe4 16. Bxe4 Bb7 17. f5 exf5 18. Bxf5 c5 19. Bc2 Qc6 20. Rf2 Bh4 21. Re2 Rae8 22. Qf1 Rxe2 23. Qxe2 Re8 24. Qf1 Qe6 25. Bd3 Qg4 26. Qg1 Re3 27. Bf1 Qe4 28. Rd1 f5 29. Rd7 Be7 30. Rxb7 Re1 31. Rb8+ Kf7 32. Rh8 Qb1 33. Rxh7+ Ke6 34. Rxe7+ Kxe7 35. Qxc5+ Kf7 36. Qd5+ Re6 37. Qd7+ Re7 38. Qd5+ Re6 1/2-1/2

[Event "Politiken Cup 19th"]
[Site "Copenhagen"]
[Date "1997.07.12"]
[Round "7"]
[White "Mayers, Dan E"]
[Black "Ferenc, Janusz"]
[Result "0-1"]
[WhiteElo "2075"]
[BlackElo "2290"]
[PlyCount "104"]
[EventDate "1997.07.??"]
[EventType "swiss"]
[EventRounds "11"]
[EventCountry "DEN"]
[SourceTitle "EXT 2000"]
[Source "ChessBase"]
[SourceDate "1999.11.16"]
[SourceVersion "1"]
[SourceVersionDate "1999.11.16"]
[SourceQuality "1"]

1. e4 c5 2. d4 cxd4 3. c3 dxc3 4. Nxc3 e6 5. Bc4 Nc6 6. Nf3 d6 7. 0-0 Bd7 8. Bf4 Qb8 9. Nb5 Ne5 10. Nxe5 dxe5 11. Bg3 Nf6 12. Qc2 Bc6 13. Nd4 Bd7 14. Rfd1 Bd6 15. Nb5 Bxb5 16. Bxb5+ Ke7 17. Bh4 a6 18. Ba4 b5 19. Bb3 Rc8 20. Qd3 Rc6 21. Qg3 Qf8 22. Rd3 h6 23. Bxf6+ Kxf6 24. Qg4 Ke7 25. Rf3 Rac8 26. h3 Rc1+ 27. Rxc1 Rxc1+ 28. Kh2 f5 29. exf5 e4+ 30. Rg3 exf5 31. Qe2 Bxg3+ 32. fxg3 Kf6 33. Qd2 Rc5 34. g4 Kg6 35. Qf4 Qc8 36. Qd6+ Kh7 37. Be6 Qc7 38. Qxc7 Rxc7 39. Bxf5+ g6 40. Bxe4 Re7 41. Bd3 Re3 42. Bf1 Re1 43. Bd3 Ra1 44. Be4 Rxa2 45. b4 a5 46. bxa5 b4 47. Kg1 b3 48. Kf1 b2 49. Ke1 Ra1+ 50. Kd2 b1Q 51. Bxb1 Rxb1 52. Kc3 Rb5 0-1

[Event "Politiken Cup 19th"]
[Site "Copenhagen"]
[Date "1997.07.07"]
[Round "3"]
[White "Hoi, Carsten"]
[Black "Ferenc, Janusz"]
[Result "1-0"]
[WhiteElo "2420"]
[BlackElo "2290"]
[PlyCount "46"]
[EventDate "1997.07.??"]
[EventType "swiss"]
[EventRounds "11"]
[EventCountry "DEN"]
[SourceTitle "EXT 2000"]
[Source "ChessBase"]
[SourceDate "1999.11.16"]
[SourceVersion "1"]
[SourceVersionDate "1999.11.16"]
[SourceQuality "1"]

1. d4 Nf6 2. c4 c5 3. d5 e6 4. Nc3 exd5 5. cxd5 d6 6. e4 g6 7. Nf3 Bg7 8. Bg5 h6 9. Bh4 0-0 10. Nd2 Re8 11. Be2 Na6 12. 0-0 Nc7 13. a4 b6 14. f4 Qd7 15. Bxf6 Bxf6 16. e5 dxe5 17. Nde4 Bg7 18. d6 f5 19. dxc7 fxe4 20. Bb5 Qxd1 21. Raxd1 Rf8 22. Bc6 Ba6 23. Bxa8 Bxf1 1-0